Sostenibilidad ordenamiento territorial en la Gran Área Metropolitana

Guardat en:
Dades bibliogràfiques
Autor principal: Pujol Mesalles, Rosendo, 1951-
Format: Llibre
Idioma:Spanish
Publicat: [San José, Costa Rica]: ProDUS-Universidad de Costa Rica [1994]
Etiquetes: Afegir etiqueta
Sense etiquetes, Sigues el primer a etiquetar aquest registre!

MARC

LEADER 00000nam a2200000Ia 4500
003 MV0125
005 20230718132512.0
008 140114s1994 cr a 000 ||spa d
040 |c cru CEDI 
090 |a MV 125 
100 |a Pujol Mesalles, Rosendo, 1951-  |9 967 
245 |a Sostenibilidad ordenamiento territorial en la Gran Área Metropolitana  
260 |a  [San José, Costa Rica]: ProDUS-Universidad de Costa Rica  |c  [1994] 
300 |a 10 páginas 
500 |a Trabajo presentado en la Conferencia Internacional sobre Ordenamiento Territorial realizado en la Universidad Nacional Autónoma (UNA), 1994  
942 |c CEDI  |h MV 125  |6 MV_125_000000000000000 
999 |c 15225  |d 15225